000 00291nam a22001337a 4500
008 170707b xxu||||| |||| 00| 0 eng d
020 _a2900130838154
041 _aeng
080 _a82
100 _a22
101 _aGJL
245 _aAMERICAN LITERATURE
_cMCMICHAEL.G
942 _2udc
_cBK
999 _c20015
_d20015